000 00933nam a22002652 4500
001 0000018889
005 20151217152139.0
008 100811s xx 000 0 eng d
020 _a0702030604 :
040 _aKABU
_cKABU
100 1 _aHamblen, David L.
_@0000178339
245 1 0 _aAdam's outline of orthopaedics /
_cDavid L. Hamblen, A. Hamish R. W. Simpson.
250 _a14th ed.
260 _aLondon :
_bChurchill Livingstone,
_c2010.
300 _aviii, 485 p.
650 0 _aOrthopedics.
_@0000178340
650 0 _aOrthopedics procedures.
_@0000178341
700 1 _aSimpson, A. Hamish R. W.
_@0000178342
852 1 _9p2250 KES
852 1 _9p2250 KES
852 1 _9p2250 KES
852 1 _9p7109 KES
908 _a100811
950 _@1
999 _c8700
_d8700